[Event "4. Open Ciudad de Huesca"]
[Site "Huesca ESP"]
[Date "2011.09.05"]
[Round "4.4"]
[White "Accattato Martin, Mario"]
[Black "Perez Puyal, Jose Joaquin"]
[Result "0-1"]
[WhiteElo "2193"]
[BlackElo "1974"]
[PlyCount "48"]
[EventDate "2011.06.20"]
[EventType "swiss"]
[EventRounds "6"]
[EventCountry "ESP"]
[Source "lmi"]
[SourceDate "2011.06.20"]

1. e4 d5 2. exd5 Qxd5 3. Nc3 Qa5 4. Bc4 c6 5. Nge2 Nf6 6. O-O Bf5 7. d4 e6 8.
Ng3 Bd6 9. Nxf5 Qxf5 10. Bd3 Qa5 11. Ne4 Nxe4 12. Bxe4 Nd7 13. c4 Nf6 14. Bd3
O-O 15. b3 Rad8 16. Bb2 Qc7 17. h3 Qe7 18. Qe2 Ba3 19. Bxa3 Qxa3 20. Rad1 Rd7
21. Rd2 Rfd8 22. Rfd1 Qa5 23. Qe5 Qxe5 24. dxe5 Ne4 0-1

[Event "4. Open Ciudad de Huesca"]
[Site "Huesca ESP"]
[Date "2011.09.05"]
[Round "4.5"]
[White "Avellanas Tomas, Jose"]
[Black "Palomar Ramon, Santiago"]
[Result "1/2-1/2"]
[WhiteElo "1887"]
[BlackElo "2039"]
[PlyCount "120"]
[EventDate "2011.06.20"]
[EventType "swiss"]
[EventRounds "6"]
[EventCountry "ESP"]
[Source "lmi"]
[SourceDate "2011.06.20"]

1. d4 d5 2. Nf3 Nf6 3. c4 e6 4. Qc2 Be7 5. g3 O-O 6. Bg2 dxc4 7. Qxc4 a6 8. O-O
b5 9. Qc2 Bb7 10. Nbd2 Nbd7 11. b3 c5 12. Bb2 Rc8 13. Qb1 Qb6 14. e3 cxd4 15.
Bxd4 Bc5 16. Bb2 Ng4 17. Ng5 f5 18. Bxb7 Qxb7 19. Re1 Bb4 20. Rd1 Rc6 21. Ngf3
Rd6 22. h3 Bxd2 23. Nxd2 Nge5 24. Bd4 Rc8 25. Rc1 Rdc6 26. Rxc6 Rxc6 27. f4 Nf7
28. a4 bxa4 29. Rxa4 e5 30. fxe5 Nfxe5 31. Qxf5 Rf6 32. Qe4 Nf3+ 33. Kh1 Qxe4
34. Nxe4 Rc6 35. Rc4 Rxc4 36. bxc4 Nfe5 37. c5 Kf8 38. Kg2 Ke7 39. Nc3 Ke6 40.
g4 Nf6 41. Bxe5 Kxe5 42. Kf3 Nd5 43. c6 Ne7 44. c7 Kd6 45. Ke4 Kxc7 46. Ke5 Kd7
47. Na4 Nc6+ 48. Kd5 Nb4+ 49. Kc4 Nc2 50. e4 Kc6 51. Nc5 Ne3+ 52. Kd4 a5 53.
Na4 Nd1 54. h4 Nf2 55. g5 Ng4 56. e5 Kd7 57. Ke4 Nf2+ 58. Kd5 Nd3 59. Ke4 Nb4
60. h5 Ke6 1/2-1/2

[Event "4. Open Ciudad de Huesca"]
[Site "Huesca ESP"]
[Date "2011.09.05"]
[Round "4.6"]
[White "Fleta Marin, Sergio"]
[Black "Dominguez Luzon, Fernando"]
[Result "0-1"]
[WhiteElo "1680"]
[BlackElo "2011"]
[PlyCount "104"]
[EventDate "2011.06.20"]
[EventType "swiss"]
[EventRounds "6"]
[EventCountry "ESP"]
[Source "lmi"]
[SourceDate "2011.06.20"]

1. d4 Nf6 2. Nf3 e6 3. Bg5 d5 4. Nbd2 c5 5. e3 Nc6 6. c3 h6 7. Bf4 Nh5 8. Bg3
Nxg3 9. hxg3 Bd6 10. Nb3 b6 11. Bb5 Bd7 12. Be2 O-O 13. Rc1 Re8 14. O-O a5 15.
Re1 Qf6 16. Nbd2 e5 17. dxe5 Nxe5 18. Nxe5 Qxe5 19. Qb3 a4 20. Qd1 Bc6 21. e4
Bc7 22. Bf3 Qg5 23. Qc2 b5 24. Rcd1 Rad8 25. Nf1 dxe4 26. Rxd8 Qxd8 27. Bxe4 f5
28. Rd1 Qa8 29. Bxc6 Qxc6 30. Qxf5 b4 31. Rd7 Rf8 32. Qd5+ Qxd5 33. Rxd5 a3 34.
bxa3 bxc3 35. Rxc5 Bb6 36. Rxc3 Rxf2 37. Ne3 Re2 38. Kf1 Rxe3 39. Rxe3 Bxe3 40.
Ke2 Ba7 41. Kf3 Kf7 42. g4 g5 43. a4 Bb6 44. g3 Bc7 45. Kf2 Ke6 46. Kf3 Kd5 47.
Kf2 Kc4 48. Kf3 Kb4 49. Ke4 Kxa4 50. Kf5 Ka3 51. Kg6 Bxg3 52. Kxh6 Bf4 0-1

[Event "4. Open Ciudad de Huesca"]
[Site "Huesca ESP"]
[Date "2011.09.05"]
[Round "4.7"]
[White "Escarabajal Escuer, Jose Luis"]
[Black "Temprano Mateos, Luis Jose"]
[Result "0-1"]
[WhiteElo "1567"]
[BlackElo "2010"]
[PlyCount "112"]
[EventDate "2011.06.20"]
[EventType "swiss"]
[EventRounds "6"]
[EventCountry "ESP"]
[Source "lmi"]
[SourceDate "2011.06.20"]

1. Nf3 d5 2. g3 Nd7 3. Bg2 e5 4. d4 e4 5. Nfd2 f5 6. c4 c6 7. cxd5 cxd5 8. Qa4
Ngf6 9. Nc3 Bd6 10. Nf1 O-O 11. Bf4 Bxf4 12. gxf4 Qe7 13. e3 Nb6 14. Qb3 Be6
15. Ng3 Nc4 16. Ke2 Rac8 17. Rhc1 Rc6 18. Na4 b6 19. Qd1 Rfc8 20. b3 Qa3 21.
bxc4 Rxc4 22. Rxc4 Rxc4 23. Nxb6 axb6 24. Qb3 Qxb3 25. axb3 Rc2+ 26. Ke1 Rb2
27. Ra8+ Kf7 28. Ra7+ Kg6 29. Re7 Bc8 30. Rc7 Bd7 31. h4 Rxb3 32. h5+ Kh6 33.
Bh3 g6 34. hxg6 hxg6 35. Ne2 Rb1+ 36. Rc1 Rxc1+ 37. Nxc1 Bb5 38. Na2 Kg7 39.
Nc3 Bc4 40. Bf1 Bxf1 41. Kxf1 Kf7 42. Ke2 Ke7 43. f3 exf3+ 44. Kxf3 Kd6 45. Ke2
Kc6 46. Kd3 Ne4 47. Na2 Kb5 48. Kc2 Kc4 49. Nc1 Ng3 50. Nd3 b5 51. Ne5+ Kb4 52.
Nxg6 Ka3 53. Ne7 b4 54. Nxd5 b3+ 55. Kb1 Ne4 56. Nb6 Nd2+ 0-1

[Event "4. Open Ciudad de Huesca"]
[Site "Huesca ESP"]
[Date "2011.09.05"]
[Round "4.8"]
[White "Lasierra Cristobal, Jesus Carlo"]
[Black "Bellosta Lopez, Pablo"]
[Result "0-1"]
[WhiteElo "1582"]
[BlackElo "1984"]
[PlyCount "70"]
[EventDate "2011.06.20"]
[EventType "swiss"]
[EventRounds "6"]
[EventCountry "ESP"]
[Source "lmi"]
[SourceDate "2011.06.20"]

1. d4 d5 2. Nf3 c6 3. e3 Bf5 4. c4 e6 5. Qb3 Qb6 6. Qxb6 axb6 7. a3 Nf6 8. Nc3
h6 9. Be2 Bd6 10. b4 Bxb4 11. Bd2 Rxa3 12. Rxa3 Bxa3 13. O-O Bb4 14. Ra1 Ba5
15. c5 O-O 16. cxb6 Bxb6 17. Na4 Nbd7 18. Nxb6 Nxb6 19. Ra7 Rb8 20. Ne5 Ra8 21.
Rxa8+ Nxa8 22. Ba5 Kf8 23. f3 Ke8 24. Kf2 Nd7 25. Nd3 b6 26. Bb4 Nc7 27. Nb2 c5
28. dxc5 Nxc5 29. Bc3 f6 30. h4 Kd7 31. g4 Bc2 32. g5 hxg5 33. hxg5 e5 34. gxf6
gxf6 35. f4 Ne4+ 0-1